[Event "MCR_CF284"]
[Site "?"]
[Date "2004.??.??"]
[Round "?"]
[White "Pribyl, Rudolf"]
[Black "Mateka, Petr"]
[Result "0-1"]
[WhiteElo "2056"]
[BlackElo "1899"]
[PlyCount "74"]
[EventDate "2004.??.??"]
[EventType "corr"]
[EventRounds "2"]
[SourceDate "2005.03.12"]

1. d4 Nf6 2. c4 e6 3. Nc3 Bb4 4. e3 O-O 5. Nf3 d5 6. Bd3 c5 7. O-O dxc4 8. Bxc4
cxd4 9. exd4 b6 10. Bg5 Bb7 11. Rc1 h6 12. Bh4 Nc6 13. a3 Be7 14. Re1 Rc8 15.
Qd3 Nh5 16. Bxe7 Nxe7 17. Ne2 Ng6 18. g3 Nf6 19. b3 Qd6 20. Nc3 Rcd8 21. b4 Qc6
22. Re3 Ng4 23. Bb5 Qc8 24. Ree1 Qa8 25. d5 Bxd5 26. Nxd5 Rxd5 27. Qc4 Rxb5 28.
Qxg4 a5 29. Nd4 Re5 30. Red1 Re4 31. Qh5 Ne5 32. Nb5 g6 33. Qxh6 axb4 34. axb4
Rxb4 35. Nd6 Rd8 36. Ra1 Ra4 37. Rxa4 Qxa4 0-1

[Event "MCR_CF284"]
[Site "?"]
[Date "2004.??.??"]
[Round "?"]
[White "Mateka, Petr"]
[Black "Pribyl, Rudolf"]
[Result "1-0"]
[WhiteElo "1899"]
[BlackElo "2056"]
[PlyCount "87"]
[EventDate "2004.??.??"]
[EventType "corr"]
[EventRounds "2"]
[SourceDate "2005.03.12"]

1. e4 e6 2. d4 d5 3. Nc3 Bb4 4. e5 c5 5. Bd2 Ne7 6. Nb5 Bxd2+ 7. Qxd2 O-O 8.
dxc5 Nd7 9. Qc3 a6 10. Nd6 Qc7 11. f4 Qxc5 12. Qxc5 Nxc5 13. Nf3 b5 14. Nd4 Rd8
15. Bd3 Bd7 16. b4 Nxd3+ 17. cxd3 Rdb8 18. Rc1 Nc8 19. Rc7 Ra7 20. Rxa7 Nxa7
21. Kd2 Nc8 22. Nxc8 Rxc8 23. Nb3 Rc6 24. Rc1 Rxc1 25. Kxc1 f6 26. Kd2 Kf7 27.
Ke3 g5 28. g3 Kg6 29. Kd4 gxf4 30. gxf4 Kf5 31. exf6 Kxf6 32. Kc5 Be8 33. Kd6
Kf5 34. Nd4+ Kxf4 35. Nxe6+ Ke3 36. d4 Bf7 37. Nd8 Kxd4 38. Nxf7 Kc4 39. a3 d4
40. Ne5+ Kb3 41. Kc5 Kxa3 42. Nd3 Ka4 43. h4 h5 44. Kxd4 1-0

[Event "MCR_CF284"]
[Site "?"]
[Date "2004.??.??"]
[Round "?"]
[White "Jarabinsky, Martin"]
[Black "Mateka, Petr"]
[Result "1/2-1/2"]
[WhiteElo "2127"]
[BlackElo "1899"]
[PlyCount "86"]
[EventDate "2004.??.??"]
[EventType "corr"]
[EventRounds "2"]
[SourceDate "2005.03.12"]

1. Nf3 Nf6 2. c4 e6 3. g3 d5 4. b3 dxc4 5. bxc4 e5 6. Bb2 e4 7. Nd4 Bd6 8. Nc2
O-O 9. Bg2 Re8 10. O-O Nbd7 11. Nc3 c6 12. Ne3 Nc5 13. Qc2 Be5 14. Rab1 Bd4 15.
Ba3 Qe7 16. Na4 h6 17. Nd1 Qe5 18. e3 Nxa4 19. exd4 Qa5 20. Bb4 Qa6 21. Ne3 Be6
22. Rfd1 Rad8 23. Bf1 b6 24. d5 Bd7 25. c5 b5 26. d6 Nd5 27. Nxd5 cxd5 28. d4
Qc6 29. Ba5 Rb8 30. Re1 Rb7 31. f3 f5 32. Re3 a6 33. Bg2 Rbb8 34. Kh1 Rf8 35.
Rbe1 Rbe8 36. Qb3 Rf7 37. Rb1 Ref8 38. Rf1 Be6 39. Re2 Re8 40. Ree1 Rf6 41. Rf2
Ref8 42. Bd2 Re8 43. Bf4 Rf7 1/2-1/2

[Event "MCR_CF284"]
[Site "?"]
[Date "2004.??.??"]
[Round "?"]
[White "Mateka, Petr"]
[Black "Jarabinsky, Martin"]
[Result "1-0"]
[WhiteElo "1899"]
[BlackElo "2127"]
[PlyCount "89"]
[EventDate "2004.??.??"]
[EventType "corr"]
[EventRounds "2"]
[SourceDate "2005.03.12"]

1. e4 e6 2. d4 c5 3. d5 exd5 4. exd5 d6 5. Nf3 Be7 6. Be2 Nf6 7. c4 O-O 8. O-O
Na6 9. Nc3 Re8 10. Re1 Bf5 11. Bd3 Qd7 12. a3 Bf8 13. Rxe8 Rxe8 14. Bxf5 Qxf5
15. Qa4 h6 16. Be3 Re7 17. Nb5 Qd7 18. Qa5 Ng4 19. Bd2 Ne5 20. Nxe5 Rxe5 21.
Nxa7 Re2 22. Bc3 Qf5 23. Rf1 Qe4 24. Qb6 Qe7 25. Qb3 g6 26. Qd1 Nc7 27. Nc8 Qe4
28. Nb6 Bg7 29. Bxg7 Kxg7 30. b4 cxb4 31. axb4 Ra2 32. Qb1 Qxb1 33. Rxb1 Rc2
34. b5 Ne8 35. Re1 Nf6 36. f3 Kf8 37. Ra1 g5 38. Ra7 Rc1+ 39. Kf2 Rc2+ 40. Ke3
Rxg2 41. Nc8 Ne8 42. Rxb7 Rxh2 43. Rd7 h5 44. b6 Rb2 45. Rd8 1-0

[Event "MCR_CF284"]
[Site "?"]
[Date "2004.??.??"]
[Round "?"]
[White "Kratochvil, Vaclav"]
[Black "Mateka, Petr"]
[Result "1-0"]
[WhiteElo "2199"]
[BlackElo "1899"]
[PlyCount "163"]
[EventDate "2004.??.??"]
[EventType "corr"]
[EventRounds "2"]
[SourceDate "2005.03.12"]

1. e4 e5 2. Nf3 Nc6 3. Bb5 a6 4. Ba4 Nf6 5. O-O Be7 6. Re1 b5 7. Bb3 O-O 8. c3
d6 9. h3 Na5 10. Bc2 c5 11. d4 Qc7 12. Nbd2 Nc6 13. dxc5 dxc5 14. Nf1 Be6 15.
Ne3 Rad8 16. Qe2 h6 17. Nf5 Rd7 18. N3h4 Rfd8 19. Qf3 Ne8 20. Nxe7+ Nxe7 21.
Qg3 Kh8 22. f4 exf4 23. Bxf4 Qc6 24. Qf2 Rc8 25. Be3 Qc7 26. Nf3 Kg8 27. e5 Nd5
28. Bc1 Rcd8 29. Qg3 Kf8 30. Qh4 Qb6 31. g4 c4+ 32. Nd4 Nb4 33. Be4 Nd3 34.
Bxd3 cxd3 35. g5 Kg8 36. gxh6 Rxd4 37. cxd4 Rxd4 38. h7+ Kh8 39. Be3 Rxh4 40.
Bxb6 Rxh3 41. Re3 Rxe3 42. Bxe3 Kxh7 43. Kf2 Kg6 44. Bd4 Nc7 45. Ke3 Bf5 46.
Rg1+ Kh7 47. Rc1 Nd5+ 48. Kd2 Be4 49. Re1 Bf5 50. Rf1 Kg6 51. a3 Kg5 52. Rg1+
Kf4 53. Rxg7 Ke4 54. Bc5 Be6 55. Rg1 Nf4 56. Re1+ Ne2 57. Bd6 a5 58. a4 bxa4
59. Rh1 Nf4 60. Rh4 Kf3 61. Bc7 Bg4 62. Rh1 Ke4 63. Bxa5 Be6 64. Bc7 Ng2 65.
Rg1 Nf4 66. Re1+ Ne2 67. Rh1 Nf4 68. Rh4 Kf5 69. Bd6 Ke4 70. Bc5 Kf5 71. Be3
Ng6 72. Rxa4 Bb3 73. Rb4 Bc2 74. Bd4 Nh4 75. Bc3 Nf3+ 76. Ke3 Nxe5 77. Rf4+ Ke6
78. Bxe5 Kxe5 79. Rxf7 Kd6 80. Rf4 Kc5 81. Kd2 Kb5 82. Kc3 1-0

[Event "MCR_CF284"]
[Site "?"]
[Date "2004.??.??"]
[Round "?"]
[White "Houdek, Vladimir"]
[Black "Struzka, Vlastimil"]
[Result "1-0"]
[WhiteElo "2184"]
[BlackElo "2128"]
[PlyCount "161"]
[EventDate "2004.??.??"]
[EventType "corr"]
[EventRounds "2"]
[SourceDate "2005.03.12"]

1. Nf3 Nf6 2. c4 e6 3. Nc3 d5 4. d4 c6 5. e3 Nbd7 6. Qc2 Bd6 7. Be2 O-O 8. O-O
dxc4 9. Bxc4 e5 10. Bb3 Qe7 11. h3 a5 12. a3 b5 13. Bd2 a4 14. Ba2 Rb8 15. Rfd1
c5 16. Ng5 exd4 17. exd4 cxd4 18. Nd5 Qd8 19. Bb4 Bxb4 20. Nxb4 Ne5 21. Qc5
Nfd7 22. Qc1 Bb7 23. Rxd4 Qf6 24. Nd5 Bxd5 25. Rxd5 Rfd8 26. Ne4 Qh4 27. Qe3
Nc4 28. Bxc4 bxc4 29. Nd6 Nb6 30. Rd4 Qf6 31. Rad1 h6 32. Qg3 Kh7 33. Qg4 Kg8
34. Ne4 Qe7 35. Qf4 Qf8 36. Nd6 Rd7 37. Nf5 Rxd4 38. Rxd4 Kh7 39. Rd6 Na8 40.
Qxc4 Rxb2 41. Qd4 Rb8 42. Rd7 Nb6 43. Rc7 Kg8 44. Kh2 Na8 45. Ra7 Nb6 46. Ra6
Nc8 47. Qe5 Nb6 48. Nxg7 Nd7 49. Qd4 Nc5 50. Rc6 Rd8 51. Qh4 Rd6 52. Rxc5 Rg6
53. Rf5 Qxg7 54. g3 Ra6 55. Qd8+ Qf8 56. Qd7 Kg7 57. Qd4+ Kg8 58. Qc4 Ra7 59.
Rf4 Ra8 60. Rg4+ Kh8 61. Qe4 Ra6 62. Qd4+ Kh7 63. Qd3+ Rg6 64. Rxa4 Qd6 65. Rd4
Qb6 66. a4 Kg7 67. Rf4 Qc7 68. Qd4+ Kg8 69. Re4 Qc6 70. a5 Kh7 71. Rf4 Qc7 72.
Qb4 Qa7 73. Qf8 Rg7 74. Rf5 Kg6 75. Qc8 Rg8 76. Qc2 Kg7 77. Qc6 Qe7 78. a6 Qe6
79. Qxe6 fxe6 80. Ra5 Ra8 81. a7 1-0